[Event "Brome-Missisquoi op U1700"]
[Site "Granby CAN"]
[Date "2019.11.22"]
[Round "1.20"]
[White "Levasseur, Sylvain"]
[Black "Cassista, Jeremie"]
[Result "1/2-1/2"]
[WhiteElo "1558"]
[BlackElo "1681"]
[PlyCount "103"]
[EventDate "2019.11.22"]
[EventType "swiss"]
[EventRounds "5"]
[EventCountry "CAN"]

1. e4 g6 2. d3 Bg7 3. Nc3 c5 4. g3 Nc6 5. Bg2 a6 6. Nf3 d6 7. Ne2 Nf6 8. c3 Bd7
9. O-O O-O 10. Nd2 Ng4 11. Nc4 b5 12. Ne3 Nxe3 13. Bxe3 Rb8 14. Qd2 Ne5 15. f3
f5 16. Rad1 fxe4 17. fxe4 Bg4 18. Rxf8+ Bxf8 19. Rf1 Qd7 20. Nf4 Bh6 21. Nd5
Bxe3+ 22. Qxe3 Be6 23. b3 Bxd5 24. exd5 Rf8 25. Rxf8+ Kxf8 26. Qh6+ Kg8 27. Bh3
Qe8 28. Be6+ Kh8 29. Qe3 Qf8 30. Kg2 Kg7 31. d4 cxd4 32. cxd4 Nf7 33. Qf4 Nd8
34. Qxf8+ Kxf8 35. Bc8 a5 36. Kf3 Nf7 37. Kf4 h6 38. h4 Kg7 39. Ba6 b4 40. Bd3
Kf6 41. Kf3 g5 42. h5 e5 43. dxe6 Kxe6 44. g4 d5 45. Ke3 Kd6 46. Bg6 Nd8 47.
Bf5 Nc6 48. Bd3 Na7 49. Be2 Nc6 50. Bb5 Nd8 51. Bd3 Ne6 52. Ba6 1/2-1/2

[Event "Brome-Missisquoi op U1700"]
[Site "Granby CAN"]
[Date "2019.11.22"]
[Round "1.21"]
[White "Bedard, Michel"]
[Black "Belanger, Mario"]
[Result "1-0"]
[WhiteElo "1653"]
[BlackElo "1557"]
[PlyCount "93"]
[EventDate "2019.11.22"]
[EventType "swiss"]
[EventRounds "5"]
[EventCountry "CAN"]

1. d4 Nf6 2. Nc3 d5 3. Bf4 e6 4. e3 c5 5. Nb5 Na6 6. Nf3 Ne4 7. Ne5 c4 8. c3
Qa5 9. a4 Bd7 10. Nxd7 Kxd7 11. f3 Nd6 12. Bxd6 Bxd6 13. e4 Nc7 14. e5 Nxb5 15.
axb5 Qxb5 16. exd6 Qc6 17. Qa4 Kxd6 18. Qxc6+ Kxc6 19. Kd2 a5 20. Be2 b5 21.
Ra2 a4 22. Rha1 Rab8 23. Bd1 g5 24. Bc2 h6 25. Re1 Rbe8 26. Raa1 Re7 27. Re2
Rhe8 28. Rae1 Kd6 29. h4 f6 30. hxg5 hxg5 31. Rh1 Ra7 32. Rh6 Rf8 33. Re1 b4
34. cxb4 a3 35. bxa3 Rxa3 36. Rb1 e5 37. dxe5+ Kxe5 38. b5 Ke6 39. b6 Rb8 40.
b7 Ke5 41. Rb5 Kd4 42. Rxf6 c3+ 43. Kc1 Ra1+ 44. Bb1 Kc4 45. Rbb6 d4 46. Rfc6+
Kd5 47. Rc8 1-0

[Event "Brome-Missisquoi op U1700"]
[Site "Granby CAN"]
[Date "2019.11.22"]
[Round "1.22"]
[White "Bourassa, Louis"]
[Black "Gauthier, Luc"]
[Result "1/2-1/2"]
[WhiteElo "1552"]
[BlackElo "1627"]
[PlyCount "52"]
[EventDate "2019.11.22"]
[EventType "swiss"]
[EventRounds "5"]
[EventCountry "CAN"]

1. e4 Nf6 2. e5 Nd5 3. d4 d6 4. c4 Nb6 5. exd6 cxd6 6. Nc3 g6 7. Nf3 Bg7 8. Be2
Bg4 9. b3 Nc6 10. Be3 O-O 11. Rc1 d5 12. c5 Nc8 13. h3 Bxf3 14. Bxf3 e6 15. O-O
a6 16. Qd2 N8e7 17. Rfd1 Nf5 18. Ne2 Nh4 19. Bg4 h5 20. Bg5 Bf6 21. Bxh4 Bxh4
22. Bf3 Bg5 23. Nf4 Bf6 24. Ne2 Bg5 25. Nf4 Bf6 26. Ne2 Bg5 1/2-1/2

[Event "Brome-Missisquoi op U1700"]
[Site "Granby CAN"]
[Date "2019.11.22"]
[Round "1.23"]
[White "Forgues, Eric"]
[Black "Kelly, Patrick"]
[Result "1-0"]
[WhiteElo "1595"]
[BlackElo "1551"]
[PlyCount "143"]
[EventDate "2019.11.22"]
[EventType "swiss"]
[EventRounds "5"]
[EventCountry "CAN"]

1. e4 d6 2. d4 Nf6 3. Bd3 e5 4. d5 Be7 5. h3 Nbd7 6. Be3 c6 7. c4 O-O 8. Ne2
Qa5+ 9. Qd2 Qc7 10. Nbc3 a5 11. a4 Re8 12. O-O h6 13. Ng3 Nf8 14. f4 exf4 15.
Rxf4 g5 16. Rf2 Ng6 17. Raf1 Qd8 18. Nf5 Bxf5 19. Rxf5 Ne5 20. Bd4 Nfd7 21. b3
Rf8 22. Bc2 f6 23. Be3 Ng6 24. Ne2 Qe8 25. Nd4 Nc5 26. dxc6 bxc6 27. Rxc5 dxc5
28. Ne6 Rd8 29. Nxd8 Bxd8 30. Bxc5 Rf7 31. Rd1 Bc7 32. Bd6 Rd7 33. c5 Ne5 34.
b4 Qa8 35. Bb3+ Kh8 36. Qf2 Kg7 37. Rf1 Qd8 38. Bxc7 Rxc7 39. Rd1 Rd7 40. Rxd7+
Nxd7 41. Qd4 Qe7 42. Qc4 h5 43. Qg8+ Kh6 44. Bf7 Nf8 45. Qh8+ Nh7 46. Qe8 Qxe8
47. Bxe8 axb4 48. Bxc6 b3 49. Bd5 b2 50. Ba2 Nf8 51. a5 Ne6 52. a6 Kg7 53. Kf2
Kf8 54. Ke3 Ke7 55. a7 Nc7 56. Kd2 Kd7 57. Kc2 Kc6 58. a8=Q+ Nxa8 59. Bd5+ Kxc5
60. Bxa8 Kd4 61. Kxb2 Ke5 62. Kc3 f5 63. exf5 Kxf5 64. Kd3 Kf4 65. Bf3 h4 66.
Ke2 Kf5 67. Ke3 Ke5 68. Be4 Ke6 69. Kf3 Ke5 70. Bc2 Ke6 71. Kg4 Kf6 72. Bb1 1-0

[Event "Brome-Missisquoi op U1700"]
[Site "Granby CAN"]
[Date "2019.11.22"]
[Round "1.24"]
[White "Laporte, Michel"]
[Black "Cote, Claude"]
[Result "0-1"]
[WhiteElo "1533"]
[BlackElo "1592"]
[PlyCount "57"]
[EventDate "2019.11.22"]
[EventType "swiss"]
[EventRounds "5"]
[EventCountry "CAN"]

1. d4 f5 2. c4 e6 3. Nc3 Nf6 4. Qc2 Nc6 5. Nf3 d6 6. a3 Be7 7. e4 Nxe4 8. Nxe4
fxe4 9. Qxe4 d5 10. Qe3 O-O 11. c5 Bf6 12. Bb5 Ne7 13. g4 Ng6 14. Bd3 Nh4 15.
Nxh4 Bxh4 16. Rf1 e5 17. h3 exd4 18. Qxd4 Rf3 19. Bd2 Bf6 20. Qa4 Rxd3 21.
O-O-O c6 22. f3 b5 23. Qc2 Rd4 24. Rde1 Rc4 25. Bc3 d4 26. Qe4 Bd7 27. f4 dxc3
28. Qe2 cxb2+ 29. Kb1 0-1

[Event "Brome-Missisquoi op U1700"]
[Site "Granby CAN"]
[Date "2019.11.22"]
[Round "1.25"]
[White "Chesnut, Walter"]
[Black "Jolin, Nicholas"]
[Result "1-0"]
[WhiteElo "1584"]
[BlackElo "1508"]
[PlyCount "105"]
[EventDate "2019.11.22"]
[EventType "swiss"]
[EventRounds "5"]
[EventCountry "CAN"]

1. e4 d5 2. exd5 Qxd5 3. Nc3 Qa5 4. d4 Nf6 5. Be2 c6 6. Bd2 Qc7 7. Nf3 Bg4 8.
Ne5 Bxe2 9. Qxe2 e6 10. O-O Nbd7 11. Bf4 Nxe5 12. dxe5 Nd7 13. a3 Be7 14. Rfd1
O-O-O 15. b4 g5 16. Bg3 h5 17. h3 h4 18. Bh2 Rdg8 19. f3 Bf8 20. Kh1 Bg7 21.
Ne4 Kb8 22. Nf6 Rd8 23. Qe3 Bh6 24. Ng4 Nb6 25. Nxh6 Rxh6 26. Qxg5 Rxd1+ 27.
Rxd1 Rg6 28. Qxh4 Nd5 29. c4 Ne7 30. Qd4 Nf5 31. Qd8+ Qxd8 32. Rxd8+ Kc7 33.
Rd3 b5 34. g4 bxc4 35. Rc3 Nd4 36. Bg1 Ne2 37. Rxc4 Rh6 38. Kg2 Nxg1 39. Kxg1
Rxh3 40. Kg2 Rh8 41. Rf4 Rf8 42. Kf2 Kd7 43. Ke3 Ke7 44. Kd3 Rd8+ 45. Rd4 Rd5
46. Rxd5 cxd5 47. b5 Kd7 48. a4 Kc7 49. a5 a6 50. b6+ Kc6 51. Kd4 Kb7 52. f4
Kc6 53. f5 1-0

[Event "Brome-Missisquoi op U1700"]
[Site "Granby CAN"]
[Date "2019.11.22"]
[Round "1.26"]
[White "Brule, Daniel"]
[Black "Neron, Raynald"]
[Result "0-1"]
[WhiteElo "1413"]
[BlackElo "1577"]
[PlyCount "110"]
[EventDate "2019.11.22"]
[EventType "swiss"]
[EventRounds "5"]
[EventCountry "CAN"]

1. e4 c5 2. Nf3 e6 3. d4 cxd4 4. Nxd4 Nf6 5. Nc3 Nc6 6. a3 d6 7. Be3 Be7 8. f3
Bd7 9. g4 O-O 10. h4 Ne5 11. g5 Nh5 12. Rg1 Ng6 13. Bf2 a6 14. Qd2 Rc8 15.
O-O-O Re8 16. Be3 Qc7 17. Be2 d5 18. exd5 Bxa3 19. bxa3 Qxc3 20. Qxc3 Rxc3 21.
dxe6 Bxe6 22. Rd3 Rec8 23. Kb2 Rxd3 24. Bxd3 Nxh4 25. Rh1 Ng2 26. Rxh5 Nxe3 27.
Bxh7+ Kf8 28. Nxe6+ fxe6 29. Be4 Nc4+ 30. Ka2 Kf7 31. g6+ Kf6 32. f4 Nd6 33.
Bd3 Nf5 34. Rg5 Rh8 35. Rg1 Rh6 36. a4 Rxg6 37. Rb1 Rg4 38. Rxb7 Rxf4 39. Ka3
Nd6 40. Rb6 Nc4+ 41. Bxc4 Rxc4 42. Kb3 Rc8 43. a5 g5 44. Rxa6 g4 45. Rd6 g3 46.
Rd2 e5 47. Rg2 Rg8 48. Kb4 Kf5 49. a6 Kf4 50. Ka5 Kf3 51. Rg1 g2 52. a7 Kf2 53.
Rb1 g1=Q 54. Rxg1 Kxg1 55. c4 e4 0-1

[Event "Brome-Missisquoi op U1700"]
[Site "Granby CAN"]
[Date "2019.11.22"]
[Round "1.27"]
[White "Ilustrisimo, Alfredo jr"]
[Black "Villeneuve, Michael"]
[Result "1-0"]
[WhiteElo "1561"]
[BlackElo "1395"]
[PlyCount "82"]
[EventDate "2019.11.22"]
[EventType "swiss"]
[EventRounds "5"]
[EventCountry "CAN"]

1. d4 Nf6 2. c4 g6 3. Nc3 d5 4. Nf3 Bg7 5. Bf4 dxc4 6. e3 c5 7. Bxc4 cxd4 8.
exd4 O-O 9. O-O Bg4 10. d5 Ne8 11. Re1 Nd6 12. Bb3 Na6 13. h3 Bc8 14. Rc1 b6
15. Ne5 Bxe5 16. Rxe5 Nc5 17. Bc2 Nc4 18. Re2 Nxb2 19. Qd4 Ne6 20. Rxe6 fxe6
21. Bh6 Rf7 22. Bb3 Bb7 23. Qd2 Na4 24. Bxa4 exd5 25. Qd4 e6 26. Re1 Qf6 27.
Re5 Rc8 28. Bb3 Rxc3 29. Qxc3 Qxf2+ 30. Kh2 d4 31. Qg3 Bc8 32. Rxe6 Bxe6 33.
Bxe6 Qxg3+ 34. Kxg3 d3 35. Bxf7+ Kxf7 36. Bd2 Ke6 37. Kf4 Kd5 38. g4 h6 39. h4
Kd4 40. h5 Kd5 41. hxg6 Ke6 1-0

[Event "Brome-Missisquoi op U1700"]
[Site "Granby CAN"]
[Date "2019.11.23"]
[Round "2.20"]
[White "Chesnut, Walter"]
[Black "Bedard, Michel"]
[Result "1/2-1/2"]
[WhiteElo "1584"]
[BlackElo "1653"]
[PlyCount "137"]
[EventDate "2019.11.22"]
[EventType "swiss"]
[EventRounds "5"]
[EventCountry "CAN"]

1. Nf3 d5 2. b3 Bf5 3. Bb2 Nf6 4. e3 e6 5. d4 a6 6. Bd3 Bxd3 7. cxd3 c6 8. O-O
Be7 9. Nc3 O-O 10. a3 Nbd7 11. b4 Nb6 12. Nd2 Nfd7 13. Nb3 f5 14. Nc5 Nxc5 15.
dxc5 Nd7 16. Ne2 Bf6 17. d4 g5 18. Ng3 Qe8 19. Qh5 Qg6 20. Qxg6+ hxg6 21. Ne2
Kf7 22. g3 Rh8 23. Kg2 Rh6 24. Rh1 Rah8 25. Bc3 Bg7 26. f3 Nf6 27. h3 g4 28.
hxg4 Rxh1 29. Rxh1 Rxh1 30. Kxh1 fxg4 31. fxg4 Nxg4 32. Bd2 Bh6 33. Nf4 e5 34.
dxe5 Nxe5 35. Kg2 Nc4 36. Bc1 Bf8 37. Ne2 a5 38. Nd4 axb4 39. axb4 Bh6 40. Kf3
Kf6 41. Ke2 Ke5 42. Kd3 Bg7 43. e4 Bf8 44. Bf4+ Kf6 45. exd5 cxd5 46. c6 bxc6
47. Nxc6 Ke6 48. b5 Bc5 49. Nd4+ Kd7 50. Nf3 Ke6 51. Nd4+ Kf6 52. Bg5+ Kf7 53.
Bd8 Nb2+ 54. Kc3 Na4+ 55. Kb3 Nb6 56. Bxb6 Bxb6 57. Ne2 g5 58. Kc3 Ke6 59. g4
Ke5 60. Kd3 d4 61. Ng3 Kf4 62. Ne2+ Kxg4 63. Nxd4 Kh3 64. Ne2 Kg2 65. Ke4 g4
66. Nf4+ Kf2 67. Nh5 Bc7 68. Kf5 Kf3 69. Kg5 1/2-1/2

[Event "Brome-Missisquoi op U1700"]
[Site "Granby CAN"]
[Date "2019.11.23"]
[Round "3.20"]
[White "Forgues, Eric"]
[Black "Cote, Claude"]
[Result "1-0"]
[WhiteElo "1595"]
[BlackElo "1592"]
[PlyCount "63"]
[EventDate "2019.11.22"]
[EventType "swiss"]
[EventRounds "5"]
[EventCountry "CAN"]

1. e4 e6 2. e5 b6 3. Nf3 Bb7 4. d4 c5 5. c3 Be7 6. Bd3 cxd4 7. Nxd4 Nc6 8. Nxc6
dxc6 9. O-O c5 10. Bb5+ Kf8 11. Qe2 Qd5 12. f3 Rd8 13. Bf4 g5 14. Na3 Ba8 15.
Rfd1 Qb7 16. Rxd8+ Bxd8 17. Qd2 Qe7 18. Rd1 gxf4 19. Qxd8+ Kg7 20. Qxa8 Nh6 21.
Qe4 Nf5 22. Qxf4 Rd8 23. Rxd8 Qxd8 24. Kf2 Qd1 25. g4 Ne7 26. Be8 Ng8 27. Bxf7
b5 28. Bxe6 Qh1 29. g5 Kh8 30. Bxg8 Kxg8 31. e6 h5 32. e7 1-0

[Event "Brome-Missisquoi op U1700"]
[Site "Granby CAN"]
[Date "2019.11.24"]
[Round "4.20"]
[White "Bedard, Michel"]
[Black "Forgues, Eric"]
[Result "1/2-1/2"]
[WhiteElo "1653"]
[BlackElo "1595"]
[PlyCount "96"]
[EventDate "2019.11.22"]
[EventType "swiss"]
[EventRounds "5"]
[EventCountry "CAN"]

1. d4 Nf6 2. Nc3 d5 3. Bf4 a6 4. e3 Bf5 5. f3 h5 6. Bd3 Bxd3 7. cxd3 e6 8. Nge2
h4 9. e4 dxe4 10. dxe4 Nh5 11. Be3 Nd7 12. Qd2 Nb6 13. b3 c6 14. e5 g6 15. Ne4
Nd5 16. g4 f5 17. Bg5 fxe4 18. Bxd8 Bb4 19. Ba5 Bxd2+ 20. Bxd2 e3 21. Bc1 Ng7
22. Ba3 O-O-O 23. Rc1 Ne8 24. O-O g5 25. f4 gxf4 26. Nxf4 Nec7 27. h3 Nxf4 28.
Rxf4 Nd5 29. Rf7 Rd7 30. Rcf1 e2 31. Rf8+ Rxf8 32. Rxf8+ Rd8 33. Rxd8+ Kxd8 34.
Kf2 Nf4 35. Bf8 Nxh3+ 36. Kxe2 Nf4+ 37. Kf3 h3 38. Kg3 Ne2+ 39. Kxh3 Ke8 40.
Bc5 Kf7 41. a4 Kg6 42. Kh4 b5 43. axb5 axb5 44. b4 Nf4 45. Kg3 Nd5 46. Kf3 Nc3
47. Bf8 Nd5 48. Ke4 Nc3+ 1/2-1/2

[Event "Brome-Missisquoi op U1700"]
[Site "Granby CAN"]
[Date "2019.11.24"]
[Round "5.20"]
[White "Forgues, Eric"]
[Black "Gauthier, Luc"]
[Result "0-1"]
[WhiteElo "1595"]
[BlackElo "1627"]
[PlyCount "88"]
[EventDate "2019.11.22"]
[EventType "swiss"]
[EventRounds "5"]
[EventCountry "CAN"]

1. e4 Nf6 2. e5 Nd5 3. d4 d6 4. c4 Nb6 5. exd6 cxd6 6. h3 g6 7. Nf3 Bg7 8. Be2
Nc6 9. Nc3 O-O 10. O-O e5 11. dxe5 dxe5 12. Ne4 Be6 13. Nd6 Qc7 14. c5 Nc8 15.
Ng5 Nd4 16. Nxe6 Nxe6 17. Nxc8 Raxc8 18. b4 Rfd8 19. Qa4 Nd4 20. Bd1 b6 21. Bg5
f6 22. cxb6 axb6 23. Rc1 Qb7 24. Bg4 Ra8 25. Qd1 fxg5 26. a4 h5 27. Be2 Nxe2+
28. Qxe2 Rxa4 29. b5 Re4 30. Qa2+ Qd5 31. Qa6 Rd6 32. Rfd1 Rd4 33. Re1 Rf6 34.
Qc8+ Kh7 35. Qc7 Rd2 36. Rxe5 Qd4 37. Rxg5 Rfxf2 38. Kh1 Rd1+ 39. Rxd1 Qxd1+
40. Kh2 Qd4 41. Qg3 h4 42. Qc7 Kh6 43. Qc1 Rd2 44. Qa1 Qf4+ 0-1

[Event "Brome-Missisquoi op U1700"]
[Site "Granby CAN"]
[Date "2019.11.24"]
[Round "5.21"]
[White "Brule, Daniel"]
[Black "Bedard, Michel"]
[Result "1-0"]
[WhiteElo "1413"]
[BlackElo "1653"]
[PlyCount "77"]
[EventDate "2019.11.22"]
[EventType "swiss"]
[EventRounds "5"]
[EventCountry "CAN"]

1. d4 d5 2. Nf3 Nf6 3. g3 Bf5 4. Bg2 e6 5. c4 Bb4+ 6. Bd2 Qe7 7. O-O Bxb1 8.
Rxb1 Bxd2 9. Nxd2 c6 10. Re1 O-O 11. e4 dxe4 12. Nxe4 Nxe4 13. Rxe4 Na6 14. a3
Nc7 15. Qc2 h6 16. Rd1 Rad8 17. Qb3 Na6 18. Qa4 Qd7 19. Ree1 c5 20. Qxd7 Rxd7
21. dxc5 Rfd8 22. Rxd7 Rxd7 23. b4 Nc7 24. Bxb7 Rd4 25. Re4 Rd1+ 26. Kg2 Ra1
27. Re3 a6 28. Rd3 Kf8 29. Rd7 Ne8 30. Bxa6 Rxa3 31. b5 Nf6 32. Rd1 Ke7 33. c6
Ra4 34. Rc1 Kd6 35. Rd1+ Kc7 36. Rb1 Ra2 37. b6+ Kxc6 38. b7 Ne4 39. b8=Q 1-0

[Event "Brome-Missisquoi op U2000"]
[Site "Granby CAN"]
[Date "2019.11.22"]
[Round "1.11"]
[White "Simard, Francois"]
[Black "Wang, Isabelle"]
[Result "1/2-1/2"]
[WhiteElo "1811"]
[BlackElo "1727"]
[PlyCount "49"]
[EventDate "2019.11.22"]
[EventType "swiss"]
[EventRounds "5"]
[EventCountry "CAN"]

1. d4 d5 2. Nf3 e6 3. c4 Nf6 4. Nc3 Be7 5. Bg5 h6 6. Bh4 O-O 7. e3 b6 8. Be2
Bb7 9. O-O c5 10. dxc5 bxc5 11. Qc2 Nbd7 12. Rfd1 Qc7 13. Bg3 Qb6 14. Rd2 Rfd8
15. Rad1 Nf8 16. Ne5 Ne4 17. Nxe4 dxe4 18. Nd7 Qc6 19. Nxf8 Kxf8 20. Qc3 Rxd2
21. Rxd2 Rd8 22. Rxd8+ Bxd8 23. Qe5 Qc8 24. Qb8 Qxb8 25. Bxb8 1/2-1/2

[Event "Brome-Missisquoi op U2000"]
[Site "Granby CAN"]
[Date "2019.11.22"]
[Round "1.12"]
[White "Adam, Rafael"]
[Black "Samson, Gaetan"]
[Result "1/2-1/2"]
[WhiteElo "1684"]
[BlackElo "1799"]
[PlyCount "65"]
[EventDate "2019.11.22"]
[EventType "swiss"]
[EventRounds "5"]
[EventCountry "CAN"]

1. d4 d5 2. c4 c6 3. Nc3 Nf6 4. e3 e6 5. Nf3 Bd6 6. Qc2 Nbd7 7. cxd5 exd5 8.
Bd3 O-O 9. O-O Nb6 10. h3 Be6 11. a4 a5 12. b3 Bc7 13. Ba3 Re8 14. Rab1 Qd7 15.
Ng5 g6 16. Rfc1 Nc8 17. e4 Bf4 18. Nxe6 Rxe6 19. Re1 dxe4 20. Bc4 Re8 21. Nxe4
Nxe4 22. Rxe4 Bd6 23. Bb2 Nb6 24. Rbe1 Bb4 25. Rxe8+ Rxe8 26. Rxe8+ Qxe8 27.
Bc3 Qe7 28. Kf1 Nxc4 29. Bxb4 Ne3+ 30. fxe3 Qxb4 31. Kf2 Qd6 32. Qc3 b6 33. Kf3
1/2-1/2

[Event "Brome-Missisquoi op U2000"]
[Site "Granby CAN"]
[Date "2019.11.22"]
[Round "1.13"]
[White "St-Onge, Pierre"]
[Black "Tsanaclis, Albert"]
[Result "1-0"]
[WhiteElo "1795"]
[BlackElo "1656"]
[PlyCount "83"]
[EventDate "2019.11.22"]
[EventType "swiss"]
[EventRounds "5"]
[EventCountry "CAN"]

1. e4 c5 2. f4 d5 3. e5 Nc6 4. c3 Nh6 5. Nf3 Bg4 6. h3 Bxf3 7. Qxf3 e6 8. Na3
Be7 9. Bd3 c4 10. Bc2 Bc5 11. b4 cxb3 12. axb3 a6 13. d4 Bb6 14. Be3 Nf5 15.
Bf2 Qe7 16. Bxf5 exf5 17. Qxd5 Rd8 18. Qf3 f6 19. O-O fxe5 20. fxe5 O-O 21. Nc4
Bc7 22. Rfe1 Qe6 23. Rad1 Ne7 24. Qxb7 Nd5 25. Ne3 Nxc3 26. Qxc7 Nxd1 27. Rxd1
Qxb3 28. Qc4+ Qxc4 29. Nxc4 Rd5 30. Ne3 Rb5 31. e6 f4 32. Nc4 Rfb8 33. d5 Kf8
34. d6 Rb1 35. Rxb1 Rxb1+ 36. Kh2 Rb4 37. Na5 Rb2 38. Bc5 Ke8 39. d7+ Kd8 40.
Nc6+ Kc7 41. d8=Q+ Kxc6 42. Qc8+ 1-0

[Event "Brome-Missisquoi op U2000"]
[Site "Granby CAN"]
[Date "2019.11.22"]
[Round "1.14"]
[White "Picard, Christian"]
[Black "Wang, Rachel"]
[Result "0-1"]
[WhiteElo "1644"]
[BlackElo "1791"]
[PlyCount "44"]
[EventDate "2019.11.22"]
[EventType "swiss"]
[EventRounds "5"]
[EventCountry "CAN"]

1. e4 c5 2. c3 Nf6 3. e5 Nd5 4. d4 cxd4 5. cxd4 d6 6. Nc3 Nxc3 7. bxc3 dxe5 8.
Nf3 exd4 9. Bb5+ Bd7 10. Nxd4 e5 11. Bxd7+ Qxd7 12. Nf3 Qxd1+ 13. Kxd1 Nc6 14.
Re1 O-O-O+ 15. Kc2 f6 16. Be3 Be7 17. Nd2 Kb8 18. f4 Bd6 19. Nc4 exf4 20. Nxd6
fxe3 21. Nf7 Rd2+ 22. Kb3 Rf8 0-1

[Event "Brome-Missisquoi op U2000"]
[Site "Granby CAN"]
[Date "2019.11.23"]
[Round "2.11"]
[White "Wang, Rachel"]
[Black "St-Onge, Pierre"]
[Result "1-0"]
[WhiteElo "1791"]
[BlackElo "1795"]
[PlyCount "75"]
[EventDate "2019.11.22"]
[EventType "swiss"]
[EventRounds "5"]
[EventCountry "CAN"]

1. d4 d5 2. c4 e5 3. dxe5 d4 4. Nf3 Nc6 5. Nbd2 Nge7 6. Nb3 Ng6 7. Nbxd4 Nxd4
8. Qxd4 Qxd4 9. Nxd4 Nxe5 10. e4 c6 11. Bf4 Ng6 12. Be3 Bb4+ 13. Bd2 Bxd2+ 14.
Kxd2 O-O 15. Rd1 a6 16. Kc1 c5 17. Nb3 b6 18. Rd6 Rb8 19. Be2 Be6 20. Rhd1 Ne5
21. Nd2 Rfd8 22. Rxd8+ Rxd8 23. b3 Nd3+ 24. Bxd3 Rxd3 25. Kc2 Rd4 26. f3 f6 27.
Nf1 Rxd1 28. Kxd1 Kf7 29. Ne3 g6 30. Nd5 b5 31. cxb5 Bxd5 32. exd5 axb5 33. a4
bxa4 34. bxa4 Ke7 35. a5 Kd7 36. a6 Kc7 37. a7 Kb7 38. d6 1-0

[Event "Brome-Missisquoi op U2000"]
[Site "Granby CAN"]
[Date "2019.11.23"]
[Round "2.12"]
[White "Wang, Isabelle"]
[Black "Mercure, Gilbert"]
[Result "1/2-1/2"]
[WhiteElo "1727"]
[BlackElo "1840"]
[PlyCount "70"]
[EventDate "2019.11.22"]
[EventType "swiss"]
[EventRounds "5"]
[EventCountry "CAN"]

1. e4 d5 2. exd5 Nf6 3. Nf3 Bg4 4. Be2 Qxd5 5. Nc3 Qh5 6. h3 Nc6 7. d3 e5 8.
Nd2 Nd4 9. Bxg4 Nxg4 10. Nf3 O-O-O 11. Nxd4 exd4 12. Qxg4+ Qxg4 13. hxg4 dxc3
14. bxc3 g6 15. Bh6 Ba3 16. Bg7 Rhg8 17. Bf6 Rd6 18. g5 h5 19. Kd2 Re8 20. Rae1
Rxe1 21. Rxe1 Ra6 22. Be7 Kd7 23. Bxa3 Rxa3 24. Ra1 b6 25. c4 c5 26. Ke3 Kd6
27. f4 a6 28. Rb1 Kc6 29. Rb2 b5 30. cxb5+ axb5 31. Ke4 Ra4+ 32. Ke5 Rd4 33. g3
b4 34. Rb3 Rd5+ 35. Ke4 Rd4+ 1/2-1/2

[Event "Brome-Missisquoi op U2000"]
[Site "Granby CAN"]
[Date "2019.11.23"]
[Round "2.13"]
[White "Omichi, Haruaki"]
[Black "Simard, Francois"]
[Result "1-0"]
[WhiteElo "1685"]
[BlackElo "1811"]
[PlyCount "77"]
[EventDate "2019.11.22"]
[EventType "swiss"]
[EventRounds "5"]
[EventCountry "CAN"]

1. e4 c5 2. Ne2 Nc6 3. Nbc3 g6 4. g3 Bg7 5. Bg2 Nf6 6. O-O O-O 7. d3 d6 8. f4
Bd7 9. h3 Rb8 10. g4 Qc8 11. Ng3 Ne8 12. Nce2 b5 13. f5 Ne5 14. c3 c4 15. d4
Nd3 16. Nf4 Nxc1 17. Rxc1 e6 18. Nfe2 Qd8 19. Qd2 Qh4 20. Rf3 Bh6 21. Nf4 e5
22. dxe5 dxe5 23. Qxd7 Bxf4 24. fxg6 Bxc1 25. gxf7+ Kh8 26. fxe8=Q Rbxe8 27.
Nh5 Bh6 28. Rf7 Be3+ 29. Kh1 Qe1+ 30. Bf1 Qxf1+ 31. Rxf1 Rxf1+ 32. Kg2 Rf2+ 33.
Kg3 Rg8 34. Qe7 h6 35. Qxe5+ Kh7 36. Nf6+ Kg6 37. Nxg8 Bf4+ 38. Qxf4 Rxf4 39.
Kxf4 1-0

[Event "Brome-Missisquoi op U2000"]
[Site "Granby CAN"]
[Date "2019.11.23"]
[Round "2.14"]
[White "Samson, Gaetan"]
[Black "Yergeau, Simon"]
[Result "1/2-1/2"]
[WhiteElo "1799"]
[BlackElo "1677"]
[PlyCount "100"]
[EventDate "2019.11.22"]
[EventType "swiss"]
[EventRounds "5"]
[EventCountry "CAN"]

1. e4 c6 2. d4 d5 3. e5 Bf5 4. Bd3 Bxd3 5. Qxd3 e6 6. Ne2 c5 7. c3 Nc6 8. O-O
Nge7 9. Be3 cxd4 10. cxd4 Ng6 11. a3 Be7 12. Nd2 O-O 13. g3 f5 14. exf6 Bxf6
15. f4 Nge7 16. g4 Nc8 17. Rf3 Rf7 18. Raf1 Nd6 19. Rg3 Qd7 20. g5 Bd8 21. g6
hxg6 22. Qxg6 Ne7 23. Qh5 Nef5 24. Rh3 Rf6 25. Qh8+ Kf7 26. Nf3 Qe8 27. Ne5+
Ke7 28. Qxe8+ Kxe8 29. Bd2 Bb6 30. Rh8+ Rf8 31. Rxf8+ Kxf8 32. Nd7+ Ke7 33.
Nxb6 axb6 34. Bb4 Rc8 35. Re1 Rc2 36. Nc3 Kd7 37. Rd1 Nh4 38. Rd3 Ndf5 39. Rh3
Nxd4 40. Na4 b5 41. Nc5+ Kc6 42. Nxe6 Nhf3+ 43. Kf1 Nxe6 44. Rxf3 Rxh2 45. f5
Nd4 46. Rf4 Nc2 47. Bc3 Ne3+ 48. Kg1 Rg2+ 49. Kh1 Rg5 50. f6 gxf6 1/2-1/2

[Event "Brome-Missisquoi op U2000"]
[Site "Granby CAN"]
[Date "2019.11.23"]
[Round "2.15"]
[White "Liu, Lucas"]
[Black "Guillemette, Hugo"]
[Result "1-0"]
[WhiteElo "1534"]
[BlackElo "1764"]
[PlyCount "121"]
[EventDate "2019.11.22"]
[EventType "swiss"]
[EventRounds "5"]
[EventCountry "CAN"]

1. d4 d5 2. c4 e6 3. Nc3 c5 4. cxd5 exd5 5. Nf3 Nc6 6. g3 Nf6 7. Bg2 Be7 8. O-O
O-O 9. Bg5 cxd4 10. Nxd4 h6 11. Be3 Re8 12. Nxc6 bxc6 13. Na4 Bf8 14. Rc1 Bd7
15. Nc5 Bg4 16. Re1 Rc8 17. Qa4 Bxc5 18. Rxc5 Qd7 19. Rc2 Bf5 20. Rcc1 Ne4 21.
Bc5 Qb7 22. Qd4 Nxc5 23. Rxc5 Rb8 24. b3 Qa6 25. Qd2 Rb5 26. Rxb5 Qxb5 27. e3
a5 28. Rc1 Be4 29. Bf1 Qb6 30. Qc3 Re6 31. Qc5 Qb4 32. Bh3 f5 33. Qxb4 axb4 34.
Kf1 Kf7 35. Ke2 d4 36. Rc4 d3+ 37. Kd2 c5 38. f3 Bxf3 39. Bxf5 Ra6 40. Bxd3
Rxa2+ 41. Bc2 Bd5 42. Rxc5 Bxb3 43. Kc1 Be6 44. Rb5 b3 45. Rxb3 Rxc2+ 46. Kxc2
Bxb3+ 47. Kxb3 Ke6 48. Kc4 Ke5 49. Kd3 Kd5 50. e4+ Ke5 51. Ke3 h5 52. h3 g5 53.
h4 gxh4 54. gxh4 Ke6 55. Kf4 Kf6 56. e5+ Ke6 57. Ke4 Ke7 58. Kf5 Kf7 59. Kg5
Ke6 60. Kxh5 Kxe5 61. Kg6 1-0

[Event "Brome-Missisquoi op U2000"]
[Site "Granby CAN"]
[Date "2019.11.23"]
[Round "2.16"]
[White "Duplessis, Jean-Roch"]
[Black "Mai, Deren"]
[Result "1-0"]
[WhiteElo "1760"]
[BlackElo "1531"]
[PlyCount "45"]
[EventDate "2019.11.22"]
[EventType "swiss"]
[EventRounds "5"]
[EventCountry "CAN"]

1. e4 c5 2. Nf3 Nc6 3. Bb5 e6 4. O-O Nge7 5. d4 cxd4 6. Nxd4 e5 7. Nxc6 bxc6 8.
Bc4 Ng6 9. Qf3 Qf6 10. Qxf6 gxf6 11. Nc3 d6 12. f4 Bg7 13. f5 Ne7 14. Rd1 d5
15. exd5 cxd5 16. Nxd5 Nxd5 17. Bxd5 Rb8 18. Bc4 Ke7 19. Be3 Kf8 20. Bc5+ Kg8
21. Rd8+ Bf8 22. Bxf8 h5 23. Bd6+ 1-0

[Event "Brome-Missisquoi op U2000"]
[Site "Granby CAN"]
[Date "2019.11.23"]
[Round "2.17"]
[White "Hu, Raymond"]
[Black "Milette, Patrick"]
[Result "1/2-1/2"]
[WhiteElo "1509"]
[BlackElo "1753"]
[PlyCount "92"]
[EventDate "2019.11.22"]
[EventType "swiss"]
[EventRounds "5"]
[EventCountry "CAN"]

1. e4 g6 2. d4 Bg7 3. Nf3 d6 4. c4 c5 5. d5 b5 6. cxb5 a6 7. Qa4 Nd7 8. bxa6
Ngf6 9. Qc6 Ra7 10. Nc3 O-O 11. Qa4 Qb6 12. Qb5 Qd8 13. Qa4 Nb8 14. Bd2 Bxa6
15. Bxa6 Rxa6 16. Qc2 Nbd7 17. O-O Qa8 18. a4 Rb8 19. b3 Ne8 20. Rab1 Nc7 21.
Rfc1 Rab6 22. Ne2 Na6 23. Bc3 Nb4 24. Qd2 Nf6 25. Bxf6 Bxf6 26. Nc3 Qa6 27. Nb5
Qc8 28. Rc4 Qd7 29. h3 Bg7 30. Ne1 f5 31. f3 fxe4 32. fxe4 e6 33. Nd3 exd5 34.
exd5 Qf5 35. Rd1 Nxd5 36. Nxc5 dxc5 37. Qxd5+ Qxd5 38. Rxd5 Bd4+ 39. Nxd4 cxd4
40. Rdxd4 Rxb3 41. a5 Ra8 42. Ra4 Rb5 43. a6 Rb6 44. Rd7 Rbxa6 45. Rxa6 Rxa6
46. Kh2 Rf6 1/2-1/2